000 00955cam a2200253 a 4500
001 15386648
005 20180312080325.0
008 080729s2008 ctua bf 001 0 eng
010 _a 2008033594
020 _a9781600850707 (alk. paper)
020 _a1600850707 (alk. paper)
035 _a(OCoLC)ocn216937521
040 _aDLC
_cDLC
_dYDX
_dBTCTA
_dBAKER
_dYDXCP
_dZS3
_dVP@
_dQBX
_dCQU
_dB@L
_dDLC
041 _aeng
080 _a644 BRU
082 0 0 _a644 BRU
_222
100 1 _a27
101 _aMEC
245 1 0 _aCut your energy bills now :
_cBruce Harley.
504 _aIncludes bibliographical references (p. 116-119) and index.
906 _a7
_bcbc
_corignew
_d1
_eecip
_f20
_gy-gencatlg
942 _2ddc
_cBK
999 _c44728
_d44728